000 00334cam a2200145ua 4500
003 OSt
008 221107b |||||||| |||| 00| 0 eng d
041 _aeng
082 _a338.9
_bPLA/TH
245 _aThird five year plan
260 _aKerala :
_bGovt. of Kerala ,
_c1965.
300 _a185 ; .
500 _a**Reference
942 _cBK
999 _c7915
_d7915